000 00695nam a22002052 4500
001 0000023967
005 20151217152253.0
008 130423s xx 000 0 eng d
040 _aKABU
_cKABU
245 1 0 _aNovak's gynecologic and obstetric pathology with clinical and endoctrine relations /
_cEdmund R. Novak, J. Donald Woodruff.
250 _a8th ed.
260 _aLondon :
_bW. B. Sanders,
_c1979.
300 _ax, 795 p.
650 0 _aGynecologic pathology.
_@0000183804
650 0 _aPregnancy
_xComplications.
_@0000183764
650 0 _aGenetal diseases, Female.
_@0000183805
852 1 _9p500 KES
908 _a130423
950 _@1
999 _c10088
_d10088